000 00236 a2200097 4500
001 14118
100 _aBallard P.B
245 _aFundamental English book III book II
260 _aLondon
_bUniv of London press
_c
090 _c11063
_d11063
942 _aNUST-CAE
_cM
_c1185
999 _c249191
_d249191